<?xml version="1.0" encoding="UTF-8"?>
<record
    xmlns:xsi="http://www.w3.org/2001/XMLSchema-instance"
    xsi:schemaLocation="http://www.loc.gov/MARC21/slim http://www.loc.gov/standards/marcxml/schema/MARC21slim.xsd"
    xmlns="http://www.loc.gov/MARC21/slim">

  <leader>01558nam a2200313 a 4500</leader>
  <controlfield tag="008">171214s2014    ag     f |||| 001 s spa d</controlfield>
  <datafield tag="020" ind1=" " ind2=" ">
    <subfield code="a">9789871639090</subfield>
  </datafield>
  <datafield tag="041" ind1=" " ind2=" ">
    <subfield code="a">spa</subfield>
  </datafield>
  <datafield tag="092" ind1=" " ind2=" ">
    <subfield code="c">610</subfield>
    <subfield code="l">76</subfield>
    <subfield code="s">RUB</subfield>
  </datafield>
  <datafield tag="100" ind1="1" ind2=" ">
    <subfield code="a">Rubinstein, Esteban</subfield>
    <subfield code="9">302</subfield>
  </datafield>
  <datafield tag="245" ind1=" " ind2=" ">
    <subfield code="a">Cl&#xED;nica imaginaria.</subfield>
    <subfield code="b">El intersticio en la consulta del m&#xE9;dico de familia /</subfield>
    <subfield code="c">Esteban Rubistein</subfield>
  </datafield>
  <datafield tag="250" ind1=" " ind2=" ">
    <subfield code="a">1a ed.</subfield>
  </datafield>
  <datafield tag="260" ind1=" " ind2=" ">
    <subfield code="a">Buenos Aires:</subfield>
    <subfield code="b">delhospital ediciones;</subfield>
    <subfield code="c">2014.</subfield>
  </datafield>
  <datafield tag="300" ind1=" " ind2=" ">
    <subfield code="a">248 p.</subfield>
    <subfield code="c">21x15cm</subfield>
  </datafield>
  <datafield tag="500" ind1=" " ind2=" ">
    <subfield code="a">Rubinstein, E. (2014). Cl&#xED;nica imaginaria. El intersticio en la consulta del m&#xE9;dico de familia. (1a ed.). Buenos Aires : delhospital ediciones.</subfield>
  </datafield>
  <datafield tag="590" ind1=" " ind2=" ">
    <subfield code="a">Donaci&#xF3;n del Hospital Italiano.</subfield>
  </datafield>
  <datafield tag="653" ind1=" " ind2="3">
    <subfield code="a">El desafio del manejo de los temas m&#xE1;s prevalentes de la medicina familiar</subfield>
  </datafield>
  <datafield tag="653" ind1=" " ind2="3">
    <subfield code="a">El desafio del abordaje de los aspectos psicosociales para el m&#xE9;dico de familia.</subfield>
  </datafield>
  <datafield tag="653" ind1=" " ind2="3">
    <subfield code="a">El desafio de la identidad del m&#xE9;dico de familia</subfield>
  </datafield>
  <datafield tag="653" ind1=" " ind2="3">
    <subfield code="a">La valoraci&#xF3;n del m&#xE9;dicode familia</subfield>
  </datafield>
  <datafield tag="653" ind1=" " ind2=" ">
    <subfield code="a">Algunos aspectos t&#xE9;cnicos de la pr&#xE1;ctica de la medicina familiar que pueden transmitirse f&#xE1;cilmente en un texto</subfield>
  </datafield>
  <datafield tag="653" ind1=" " ind2=" ">
    <subfield code="a">Algunos aspectos t&#xE9;cnicosy no tan t&#xE9;cnicos de la pr&#xE1;ctica de la medicina familiar que son dif&#xED;ciles de transmitir en un texto</subfield>
  </datafield>
  <datafield tag="653" ind1=" " ind2=" ">
    <subfield code="a">Reflexiones sobre el diagn&#xF3;stico en medicina familiar</subfield>
  </datafield>
  <datafield tag="653" ind1=" " ind2="3">
    <subfield code="a">La agenda del paciente y del m&#xE9;dico</subfield>
  </datafield>
  <datafield tag="653" ind1=" " ind2="3">
    <subfield code="a">La homeostasitasis del paciente y del m&#xE9;dico</subfield>
  </datafield>
  <datafield tag="653" ind1=" " ind2=" ">
    <subfield code="a">Vi&#xF1;etas cl&#xED;nicas y comentarios</subfield>
  </datafield>
  <datafield tag="942" ind1=" " ind2=" ">
    <subfield code="2">ddc</subfield>
    <subfield code="c">BK</subfield>
  </datafield>
  <datafield tag="999" ind1=" " ind2=" ">
    <subfield code="c">2600</subfield>
    <subfield code="d">2600</subfield>
  </datafield>
  <datafield tag="952" ind1=" " ind2=" ">
    <subfield code="0">0</subfield>
    <subfield code="1">0</subfield>
    <subfield code="2">ddc</subfield>
    <subfield code="4">0</subfield>
    <subfield code="7">0</subfield>
    <subfield code="8">REF</subfield>
    <subfield code="a">BFM</subfield>
    <subfield code="b">BFM</subfield>
    <subfield code="c">REF</subfield>
    <subfield code="d">2017-12-14</subfield>
    <subfield code="e">Donaci&#xF3;n del Hospital Italiano, Diciembre 2017</subfield>
    <subfield code="l">0</subfield>
    <subfield code="o">610 76 RUB</subfield>
    <subfield code="p">4086</subfield>
    <subfield code="r">2017-12-14</subfield>
    <subfield code="t">Ej.1</subfield>
    <subfield code="w">2017-12-14</subfield>
    <subfield code="y">REF</subfield>
    <subfield code="z">Donaci&#xF3;n del Hospital Italiano, Diciembre 2017</subfield>
  </datafield>
  <datafield tag="952" ind1=" " ind2=" ">
    <subfield code="0">0</subfield>
    <subfield code="1">0</subfield>
    <subfield code="2">ddc</subfield>
    <subfield code="4">0</subfield>
    <subfield code="7">0</subfield>
    <subfield code="a">BFM</subfield>
    <subfield code="b">BFM</subfield>
    <subfield code="c">CR</subfield>
    <subfield code="d">2017-12-14</subfield>
    <subfield code="e">Donaci&#xF3;n del Hospital Italiano</subfield>
    <subfield code="l">0</subfield>
    <subfield code="o">610 76 RUB</subfield>
    <subfield code="p">4087</subfield>
    <subfield code="r">2017-12-14</subfield>
    <subfield code="t">Ej.2</subfield>
    <subfield code="w">2017-12-14</subfield>
    <subfield code="y">BK</subfield>
    <subfield code="z">Donaci&#xF3;n del Hospital italiano.</subfield>
  </datafield>
  <datafield tag="952" ind1=" " ind2=" ">
    <subfield code="0">0</subfield>
    <subfield code="1">0</subfield>
    <subfield code="2">ddc</subfield>
    <subfield code="4">0</subfield>
    <subfield code="7">0</subfield>
    <subfield code="a">BFM</subfield>
    <subfield code="b">BFM</subfield>
    <subfield code="c">CR</subfield>
    <subfield code="d">2017-12-14</subfield>
    <subfield code="e">Donaci&#xF3;n del Hospital Italiano, Diciembre 2017</subfield>
    <subfield code="l">1</subfield>
    <subfield code="m">1</subfield>
    <subfield code="o">610 76 RUB</subfield>
    <subfield code="p">4088</subfield>
    <subfield code="r">2018-03-12</subfield>
    <subfield code="s">2018-02-26</subfield>
    <subfield code="t">Ej. 3</subfield>
    <subfield code="w">2017-12-14</subfield>
    <subfield code="y">BK</subfield>
    <subfield code="z">Donaci&#xF3;n del Hospital Italiano, Diciembre 2017</subfield>
  </datafield>
</record>
